00530nam a2200157 a 450000500170000000800410001705000220005824500920008026000340017230000300020652100070023665000220024365000390026565000350030465000330033920140310183319.0060106s19uu xx 00 eng d aHD 69b.G394 1997 aGetting results with Microsoft Office 97 :breal world solutions for the work you do. / bMicrosoft Corporation,c1997. a703 p. :bill. ;c25 cm.  aIT aMicrosoft Office. aMicrosoft Windows (Computer file). aMicrosoft Office professional. aBusinessxComputer programs.